00683nam a22001817a 4500003000400000020002100004082001400025100001800039245003400057250001000091260002700101300000800128650001300136942001600149952016700165952015200332999001700484SGT a978-93-5129624-9 a611bL16S aSADLER. T.W.  aLANGMAN'S MEDICAL EMBRYOLOGY  a13TH  aINDIA bWOLTERS c2016 a407 aANATOMY  2ddccBK049 00102ddc40708MEDICALaFMbFMcREFd2018-04-13eABC g895.00iSGTUl42m1o611 L16SpFM10630q2026-05-23r2026-05-09 00:00:00s2026-05-09w2018-04-13yBKk9558 00102ddc40708MEDICALaFMbFMcREFd2018-04-13eABC g895.00iSGTUl29o611 L16SpFM10631r2026-03-30 00:00:00s2026-03-30w2018-04-13yBKk9558 c15477d15477